| 000 | 00405nam a22001577a 4500 | ||
|---|---|---|---|
| 005 | 20241202132959.0 | ||
| 008 | 241202b |||||||| |||| 00| 0 eng d | ||
| 020 | _a1403917094 | ||
| 050 | _aP 90 STA | ||
| 100 | _aSTANTON NICKY | ||
| 245 | _aMASTERING COMMUNICATION | ||
| 250 | _aFOURTH ED. | ||
| 260 |
_aHOUNDMILLS _bPALGRAVE,MACMILLLAN _cc2004 |
||
| 500 | _aXIV,438p.,ILLUS.,INDEX | ||
| 942 |
_2lcc _cBK _n0 |
||
| 999 |
_c1893 _d1893 |
||